Top 50 zagranicznych youtuberów z największą ilością subskrypcji - Statystyki

Ogólne statystyki
  • Ten quiz został rozwiązany 34 razy
  • Średni wynik to 4 z 50
Statystyki odpowiedzi
# Subskrypcje Youtuberzy % Poprawnych
1 280 mln MrBeast
100%
2 267 mln T-Series
65%
8 112 mln PewDiePie
62%
3 177 mln Cocomelon
35%
7 116 mln Like Nastya
23%
34 60 mln Dude Perfect
15%
12 94 mln BLACKPINK
12%
4 174 mln SET India
12%
36 59 mln Taylor Swift
12%
16 81 mln 5-minute Crafts
8%
45 54 mln Ariana Grande
8%
14 91 mln ChuChu TV
8%
10 102 mln WWE
8%
11 97 mln GoldMines
4%
29 63 mln Infobells - Hindi
4%
21 73 mln Justin Bieber
4%
5 123 mln Kids Diana Show
4%
47 54 mln PANDA BOI
4%
13 93 mln Sony SAB
4%
27 66 mln Stokes Twins
4%
39 57 mln Toys and Colors
4%
6 119 mln Vlad And Niki
4%
37 57 mln ZAMZAM ELECTRO
4%
9 108 mln Zee Music Company
4%
15 81 mln Zee TV
4%
42 55 mln A4
0%
26 66 mln Aaj Tak
0%
46 54 mln ARY Digital HD
0%
18 75 mln Baby Shark - Pinkfong
0%
17 78 mln BANGTANTV
0%
50 52 mln Billie Eilish
0%
41 57 mln BillionSurpriseToys
0%
24 67 mln Canal KondZilla
0%
20 73 mln Colors TV
0%
44 55 mln Ed Sheeran
0%
28 65 mln El Reino Infantil
0%
33 60 mln EminemMusic
0%
43 55 mln HAR PAL GEO
0%
19 75 mln HYBE LABELS
0%
40 57 mln LooLoo Kids
0%
38 57 mln Marhmello
0%
49 54 mln Mark Rober
0%
31 61 mln Movieclips
0%
48 54 mln Shemaroo
0%
22 69 mln Shemaroo Filmi Gaane
0%
32 61 mln Sony Music India
0%
25 66 mln Tips Officiall
0%
23 68 mln T-Series Bhakti Sagar
0%
30 62 mln Wave Music
0%
35 60 mln YRF
0%
Nie znaleziono quizów pasujących do podanych kryteriów
Rozkład punktacji
Procent ludzi z każdym wynikiem
Percentyl według liczby udzielonych odpowiedzi
Twoja historia wyników
Nie rozwiązałeś tego quizu